| 000 | 01713nam a22001457a 4500 | ||
|---|---|---|---|
| 999 |
_c530965 _d530965 |
||
| 008 | 250722b ||||| |||| 00| 0 eng d | ||
| 100 |
_aAtalay, Serde _955512 |
||
| 245 | _aHousing and social control: Reassessing the protection asymmetries of article 8 of the European convention on human rights | ||
| 260 | _aSocial & Legal Studies | ||
| 300 | _a34(3), Jun, 2025: p.361-380 | ||
| 520 | _aThis article explores how the right to respect one's home under Article 8 of the European Convention on Human Rights would apply in the context of housing and social control. After explaining the connections between social control, housing, and human rights, it analyzes the selected case law of the European Court of Human Rights on Article 8 in certain cases concerning housing with a view to understanding the protection asymmetries inherent to the provision, and what that would entail for the employment of social control in the sphere of housing. These protection asymmetries are identified between, first, the homeless/inadequately housed and those with a home, and second, with regard to the latter, between lawful occupiers and unlawful occupiers. The examination is conducted, first, by analyzing the Court's interpretation of the definitional scope of Article 8 and its exclusion, in principle, of the provision of housing therefrom, and second, by looking at the application of Article 8 in public eviction cases.- Reproduced https://journals.sagepub.com/doi/full/10.1177/09646639241232416 | ||
| 650 |
_aRight to respect for one’s home, Article 8, ECHR, ECTHR, Housing, Home, Social control, Eviction, Homelessness, Power, Discretion. _955513 |
||
| 773 | _aSocial & Legal Studies | ||
| 942 | _cAR | ||